| 000 | 00344nam a2200145Ia 4500 | ||
|---|---|---|---|
| 005 | 20251222144921.0 | ||
| 008 | 251222s9999||||xx |||||||||||||| ||spa|| | ||
| 020 | _a9972928128 | ||
| 082 | _a370.114/A69 | ||
| 100 | _aAnderson, Jeanine | ||
| 245 | 0 | _aYauyos | |
| 250 | _a1ra.ed. | ||
| 264 | _bMinisterio de Educación del Perú | ||
| 942 | _cLIB | ||
| 999 |
_c22717 _d22717 |
||